Java: (Record no. 157679)

MARC details
000 -LEADER
fixed length control field 00693nam a22002057a 4500
005 - DATE AND TIME OF LATEST TRANSACTION
control field 20180924162649.0
010 ## - LCCN (DPL NO)
LC control number ENG-124044
020 ## - INTERNATIONAL STANDARD BOOK NUMBER
International Standard Book Number 9780199459643
Terms of availability 895.00
035 ## - SYSTEM CONTROL NUMBER
System control number EN-107576
037 ## - SOURCE OF ACQUISITION
Source of stock number/acquisition DBAD/PUB
082 ## - DEWEY DECIMAL CLASSIFICATION NUMBER
Classification number 005.133
100 ## - MAIN ENTRY--PERSONAL NAME
Personal name Seth, Anita
245 ## - TITLE STATEMENT
Title Java:
Statement of responsibility, etc by Anita Seth [and] B.L. Juneja
Remainder of title one step ahead /
260 ## - PUBLICATION, DISTRIBUTION, ETC. (IMPRINT)
Place of publication, distribution, etc New Delhi
Name of publisher, distributor, etc Oxford University Press
Date of publication, distribution, etc 2017
270 ## - ADDRESS
City New Delhi
Postal code 110002
Address 2/11 Ground Floor, Ansari Road, Daryaganj,
300 ## - PHYSICAL DESCRIPTION
Extent xxiii,1191p
Dimensions 24cm.(pbk.)
Other physical details ill.
500 ## - GENERAL NOTE
General note It includes Appendix A, Java, Appendix B, Java Interview Questions and index
700 ## - ADDED ENTRY--PERSONAL NAME
Personal name Juneja, B.L.
942 ## - ADDED ENTRY ELEMENTS (KOHA)
Source of classification or shelving scheme Dewey Decimal Classification
Item type English Books
Classification part 005.133
Call number suffix SET
Holdings
Withdrawn status Lost status Not for loan Collection code Home library Current library Date acquired Source of acquisition Cost, normal purchase price Full call number Barcode Copy number Cost, replacement price Koha item type
    Not For Loan Non-fiction D.B.Act.Division Sarojini Nagar 24/09/2018 DBAD/PUB 895.00 005.133 SET EN-107576 1 895.00 English Books

© Delhi Public Library
Hit Counter
free hit counter